00339nam a22001217a 4500020001400000082001600014100002400030245005400054250001200108260004500120300001500165526003700180 a582480388 a330.01bSTO aStonier, Alfered W. aA text book of economic theorycAlfred W. Stonier a3rd ed. aLondonbLongmans, Green and co Ltdc1964 ax, 574 p.: a0b0c0d330_010000000000000_STO